Russian Oblasts Ending in -SK(Y) on a Map - Statistics

General Stats
  • This quiz has been taken 84 times
    81 since last reset
  • The average score is 14 of 17
Answers on the Map
Answers color-coded by a green-red scale on the quiz's map according to % correct below.
 
Answer Stats
Oblast/Krai % Correct
Murmansk
98%
Omsk
90%
Arkhangelsk
88%
Krasnoyarsk
88%
Tomsk
86%
Chelyabinsk
84%
Irkutsk
84%
Novosibirsk
84%
Primorsky
84%
Khabarovsk
80%
Kursk
80%
Bryansk
78%
Smolensk
78%
Zabaykalsky
72%
Sverdlovsk
70%
Lipetsk
68%
Ulyanovsk
60%
No matching quizzes found
Score Distribution
Percent of People with Each Score
Percentile by Number Answered
Your Score History
You have not taken this quiz since the last reset